La educación pre-escolar en la república argentina; su instituciónalización definitiva /

Guardado en:
Autor Principal: Vasquez Avila, Luis A.
Formato: Libro
Publicado: Córdoba : Unión Nacional de Asociación de Educadores pre-escolares, 1974
Materias:
Etiquetas: Agregar Etiqueta
Sin Etiquetas, Sea el primero en etiquetar este registro!
LEADER 00616nam a22001815a 4500
001 CEM.cems006456
005 20060214000000.0
008 130507s1974##################000#0#####d
003 CEMS
082 0 4 |a 372.21 
100 1 |a Vasquez Avila, Luis A. 
245 1 0 |a La educación pre-escolar en la república argentina; su instituciónalización definitiva / 
260 |a Córdoba :  |b Unión Nacional de Asociación de Educadores pre-escolares,  |c 1974 
300 |a 63 p. 
653 |a Educacion 
653 |a Educacion preescolar 
653 |a Educacion-legislacion 
859 |a CEMS  |b BIB. CEMS - 11 de abril  |h 372.21  |i V443  |p 8984.81  |t Ej.1